000 00934nam a2200277 4500
003 EG-GICUC
005 20260303113621.0
008 260225s1957 -us |||fry||| 00| 0 eng d
040 _a EG-GICUC
_bfre
_c EG-GICUC
_d EG-GICUC
_erda
082 0 4 _a341.23
_bO F . Y
_221
092 0 4 _221
099 _aLaw1 11 341.21073 O F . Y 1957
110 _kOffice Of Public Information United Nations
_eAuthor.
245 _aYearbook Of The United Nations /
_cOffice Of Public Information United Nations.
264 _aNew York:
_bOffice Of Public Information United Nations,
_c1957.
300 _a604 Pages ;
_c24 Cm.
336 _2rda content
_atext
337 _2rda media
_aComputer
338 _2rda carrier
_aOnline Resource
546 _aText in English
650 1 4 _aPublic international law
_2qrmak
651 1 _2qrmak
856 4 0 _uhttps://fll.law.cu.edu.eg/fulltext/bks/B11-07979.pdf
905 _a64
942 _2ddc
_cBK
_e21
_n0
999 _c64164
_d64164